|
|
|
|
| LEADER |
00000naa a2200000uu 4500 |
| 001 |
vtls011084923 |
| 003 |
SK-MaSNL |
| 005 |
20260413104942.0 |
| 008 |
210910|1996 xo |||||||||||||||||slo| |
| 015 |
|
|
|a SNBRA
|
| 035 |
|
|
|a (urnnbn)urn:nbn:sk:snk:ar-a0cllw
|
| 035 |
|
|
|a (uuid)e05ef093-5ae2-4f89-87a0-15b2e437da49
|
| 035 |
|
|
|a urn:nbn:sk:snk-aavrhy
|
| 040 |
|
|
|a SNKBUCL
|b slo
|c SNKBUCL
|e AACR2
|
| 041 |
0 |
|
|a slo
|
| 044 |
|
|
|a xo
|c SK
|
| 100 |
1 |
|
|a Mlynek, Juraj,
|d 1954-
|4 aut
|9 1636710
|
| 245 |
1 |
0 |
|a VZÁJOMNÉ VZŤAHY JATOČNÝCH UKAZOVATEĽOV OŠÍPANÝCH ČLENENÝCH NA ZÁKLADE HRÚBKY SLANINY
|c J. Mlynek, J. Michalek, L. Vizváry, M. Halo, P. Patráš
|
| 700 |
1 |
|
|a Michalek, J.
|4 aut
|9 523233
|
| 700 |
1 |
|
|a Vizváry, L.
|4 aut
|9 783164
|
| 700 |
1 |
|
|a Halo, Marko,
|d 1967-
|4 aut
|9 189050
|
| 700 |
1 |
|
|a Patráš, P.
|4 aut
|9 783165
|
| 773 |
0 |
|
|t Zborník z medzinárodnej vedeckej konferencie "Agronomická fakulta a vývoj poľnohospodárstva na Slovensku"
|d Nitra : Vysoká škola poľnohospodárska, 1996
|g S. 127-130
|z 807137279X
|
| 958 |
|
|
|a OND
|
| 958 |
|
|
|a article12
|
| 958 |
|
|
|a chapter
|
| 999 |
|
|
|c 1237306
|d 1239236
|